Química: reacciones, estructuras, propiedades

Guardat en:
Dades bibliogràfiques
Autors principals: Dillard, Clyde R (Autor), Goldberg, David E (Autor)
Format: Llibre
Idioma:espanyol
Publicat: Bogotá Fondo Educativo Interamericano 1977
Matèries:
Etiquetes: Afegir etiqueta
Sense etiquetes, Sigues el primer a etiquetar aquest registre!

MARC

LEADER 00000nam a2200000 a 4500
001 UCW2620
003 CL-VaPUC
008 900110e19770000CK |||||||||||||||||spa|d
082 0 4 |a 540  |b DIL  |2 21 
100 0 |a Dillard, Clyde R  |e author  |9 306875 
700 0 |a Goldberg, David E  |e author  |9 306876 
245 1 0 |a Química: reacciones, estructuras, propiedades 
300 |a 660 p 
942 |c BK 
945 |d 19900110 00:00:00 
260 |a Bogotá  |b Fondo Educativo Interamericano  |c 1977 
650 0 |a Química  |9 259896 
583 |a last modification  |c 20171031 10:59:59  |k Rodrigo Vera 
999 |c 217133  |d 217131 
952 |0 0  |1 0  |4 0  |6 540_000000000000000_DIL_1977  |7 0  |8 A  |9 203754  |a BIBCUR  |b BIBCUR  |d 2019-11-15  |i 2710366  |o 540 DIL 1977  |p 2710366  |r 2025-04-22  |w 2019-11-15  |y BK  |k QUI 
952 |0 0  |1 0  |4 0  |6 540_000000000000000_DIL_1977  |7 0  |8 A  |9 203755  |a BIBCUR  |b BIBCUR  |d 2019-11-15  |i 3136337  |l 2  |m 1  |o 540 DIL 1977  |p 3136337  |r 2025-04-22  |s 2024-03-27  |w 2019-11-15  |y BK  |k BCB